[Event "Junior Online 4NCL Division 5"]
[Site "online"]
[Date "2020.05.21"]
[Round "6.15"]
[White "Shrestha, Unnabh"]
[Black "Liu, Wenle"]
[Result "1-0"]
[WhiteElo "1084"]
[BlackElo "1069"]
[PlyCount "137"]
[EventDate "2020.05.21"]
[WhiteTeam "East Kilbride Knights"]
[BlackTeam "St Benildus 1"]

1. d4 d5 2. Bf4 Nf6 3. e3 Bf5 4. h3 Nc6 5. Bd3 Bg6 6. Nf3 e6 7. c3 a6 8. Qc2
Bd6 9. Bxd6 cxd6 10. Nbd2 Bxd3 11. Qxd3 O-O 12. O-O-O e5 13. dxe5 dxe5 14. Qc2
e4 15. Nd4 Nxd4 16. exd4 b5 17. a3 a5 18. Kb1 Qd6 19. f3 Rfe8 20. fxe4 dxe4 21.
Rde1 Qc6 22. Re3 Nd5 23. Rxe4 Rxe4 24. Qxe4 Re8 25. Qf3 Qg6+ 26. Ka1 Ne3 27.
Ka2 Qxg2 28. Qxg2 Nxg2 29. Nf3 Re2 30. d5 Kf8 31. d6 Ke8 32. Rd1 Ne3 33. Rd3
Nc4 34. d7+ Kd8 35. Nd4 Rxb2+ 36. Ka1 Rd2 37. Nc6+ Kc7 38. d8=Q+ Kxc6 39. Rxd2
Nxd2 40. Qxd2 Kc5 41. Qf4 f6 42. Qg4 g6 43. Qh4 f5 44. Qxh7 f4 45. Qxg6 Kc4 46.
Qf5 Kxc3 47. Qxb5 Kd2 48. Qxa5+ Ke2 49. Qb5+ Kf2 50. Qd3 f3 51. Qd2+ Kg1 52.
Qe1+ Kg2 53. Qe3 f2 54. Qxf2+ Kxf2 55. h4 Kg3 56. h5 Kf3 57. h6 Ke3 58. h7 Kd3
59. h8=Q Kc4 60. Qb8 Kc3 61. a4 Kc4 62. a5 Kd4 63. a6 Ke4 64. a7 Kf5 65. Qe8
Kf4 66. a8=Q Kf5 67. Qf3+ Kg5 68. Qg8+ Kh4 69. Qh1# 1-0

[Event "Junior Online 4NCL Division 5"]
[Site "online"]
[Date "2020.05.21"]
[Round "6.16"]
[White "Hand, Joseph"]
[Black "Tandon, Ashley"]
[Result "0-1"]
[WhiteElo "1092"]
[BlackElo "905"]
[PlyCount "104"]
[EventDate "2020.05.21"]
[WhiteTeam "St Benildus 1"]
[BlackTeam "East Kilbride Knights"]

1. e4 c6 2. d4 d5 3. e5 Bf5 4. Nf3 e6 5. Nc3 Nd7 6. Bd3 Bxd3 7. Qxd3 Ne7 8. O-O
c5 9. Bf4 c4 10. Qe3 Ng6 11. b3 cxb3 12. axb3 Nxf4 13. Qxf4 Bb4 14. Nb5 a6 15.
Nd6+ Bxd6 16. exd6 O-O 17. Rfb1 Rc8 18. Rb2 Qb6 19. Rc1 Rfd8 20. Ng5 Nf6 21.
Qd2 Qxd6 22. Nf3 Ne4 23. Qe2 Nc3 24. Qd2 f6 25. Ne1 Qa3 26. Nd3 e5 27. dxe5
fxe5 28. Qe1 e4 29. Ra1 Qd6 30. Nc1 d4 31. Na2 Nxa2 32. Rbxa2 d3 33. cxd3 exd3
34. Qd2 Qc6 35. b4 Qc3 36. Rd1 Qxd2 37. Raxd2 b6 38. g3 Rc3 39. Kg2 Rb3 40. f4
Rxb4 41. Rxd3 Rxd3 42. Rxd3 Rb2+ 43. Kh3 a5 44. Ra3 Rb4 45. Kg4 a4 46. Kh3 b5
47. Kg2 Rb3 48. Ra2 a3 49. Kf1 Rb1+ 50. Ke2 Rb2+ 51. Rxb2 axb2 52. Kd1 b1=Q+
0-1

[Event "Junior Online 4NCL Division 5"]
[Site "online"]
[Date "2020.05.21"]
[Round "6.17"]
[White "Nagar Nikunj"]
[Black "Bueckert, Diana"]
[Result "0-1"]
[WhiteElo "653"]
[BlackElo "965"]
[PlyCount "74"]
[EventDate "2020.05.21"]
[WhiteTeam "East Kilbride Knights"]
[BlackTeam "St Benildus 1"]

1. e4 e6 2. d4 d5 3. e5 c5 4. c3 Qb6 5. Nf3 Nc6 6. Be3 Qxb2 7. Nbd2 Qxc3 8.
dxc5 Bxc5 9. Bxc5 Qxc5 10. Nb3 Qb6 11. Rb1 Qc7 12. Bd3 Nxe5 13. Rc1 Nxd3+ 14.
Ke2 Nxc1+ 15. Nxc1 Nf6 16. Re1 Qc4+ 17. Kd2 Ne4+ 18. Ke3 Qc5+ 19. Kd3 Qc4+ 20.
Ke3 Qc5+ 21. Kf4 g5+ 22. Nxg5 Qd6+ 23. Ke3 Nxg5 24. h4 Qc5+ 25. Ke2 Ne4 26. Qd3
Qxf2+ 27. Kd1 Bd7 28. Nb3 O-O-O 29. Qc2+ Qxc2+ 30. Kxc2 Rhg8 31. Re2 Bb5 32.
Re1 Rxg2+ 33. Kd1 Nc3+ 34. Kc1 Nxa2+ 35. Kd1 Rd7 36. Nd4 Ba4+ 37. Nc2 Bxc2# 0-1

[Event "Junior Online 4NCL Division 5"]
[Site "online"]
[Date "2020.05.21"]
[Round "6.18"]
[White "Bueckert, Lucy"]
[Black "Pardeshi, Prachi"]
[Result "1-0"]
[WhiteElo "819"]
[BlackElo "519"]
[PlyCount "125"]
[EventDate "2020.05.21"]
[WhiteTeam "St Benildus 1"]
[BlackTeam "East Kilbride Knights"]

1. f4 d5 2. Nf3 Nf6 3. e3 g6 4. b3 Bg7 5. Bb2 O-O 6. Be2 Nc6 7. O-O Ne4 8. d3
Nd6 9. Bxg7 Kxg7 10. Nbd2 Bf5 11. Ne5 Nxe5 12. fxe5 Nb5 13. Qe1 e6 14. e4 dxe4
15. dxe4 Bxe4 16. Nxe4 Qd4+ 17. Nf2 Nc3 18. Bf3 c6 19. Kh1 Nd5 20. Bxd5 cxd5
21. Rd1 Qc5 22. Rc1 Rac8 23. Nd3 Qa3 24. Ra1 Rxc2 25. Nb4 Rb2 26. Nd3 Rxa2 27.
Rxa2 Qxa2 28. Nc1 Qb2 29. Rf2 Qd4 30. Qf1 Qxe5 31. Nd3 Qe3 32. Rf3 Qb6 33. Ne5
Qd6 34. Rxf7+ Rxf7 35. Qxf7+ Kh6 36. Qf4+ Kg7 37. Qf7+ Kh6 38. Ng4+ Kg5 39. h3
h6 40. Qf6+ Kh5 41. Qf3 g5 42. Nf6+ Kg6 43. Ng4 e5 44. Qd3+ e4 45. Qe2 h5 46.
Ne3 d4 47. Nc2 Qf4 48. Nxd4 Qc1+ 49. Kh2 e3 50. Qd3+ Kf6 51. Qf5+ Ke7 52. Qxg5+
Kd7 53. Nf5 Qc7+ 54. Kh1 e2 55. Qe7+ Kc6 56. Qxe2 Qf7 57. Qe4+ Qd5 58. Ne7+ Kd6
59. Nxd5 a5 60. Nc3 Kc5 61. Qc4+ Kb6 62. Nd5+ Ka7 63. Qc5+ 1-0

[Event "Junior Online 4NCL Division 5"]
[Site "online"]
[Date "2020.05.21"]
[Round "6.21"]
[White "Sanka, Amit Aryan"]
[Black "Patel, Zain"]
[Result "0-1"]
[WhiteElo "1562"]
[BlackElo "1472"]
[PlyCount "166"]
[EventDate "2020.05.21"]
[WhiteTeam "KJCA Young Kestrels E"]
[BlackTeam "Hammersmith 2"]

1. Nf3 Nf6 2. e3 g6 3. c4 Bg7 4. Nc3 d6 5. d4 O-O 6. Be2 Nbd7 7. O-O e5 8. b3
exd4 9. exd4 b6 10. Bb2 Bb7 11. Re1 Re8 12. Qc2 c5 13. Rad1 cxd4 14. Nxd4 Ne4
15. Bf3 Nxc3 16. Rxe8+ Qxe8 17. Bxc3 Bxf3 18. Nxf3 Bxc3 19. Qxc3 Qe2 20. Rd2
Qe7 21. h3 Ne5 22. Re2 Nxf3+ 23. Qxf3 Qd8 24. Rd2 Rc8 25. Qb7 Rc7 26. Qd5 Re7
27. Qxd6 Re1+ 28. Kh2 Qxd6+ 29. Rxd6 Re2 30. Rd7 Rxa2 31. f3 Kf8 32. Rb7 Ra3
33. b4 Ra4 34. b5 Rxc4 35. Rxa7 Rb4 36. Ra8+ Ke7 37. Ra7+ Ke6 38. Ra6 Rxb5 39.
g3 Kd5 40. f4 Kc6 41. Ra7 Rf5 42. Ra6 Kb5 43. Ra1 Kc4 44. Rb1 Rb5 45. Rc1+ Kd3
46. Rd1+ Kc2 47. Rf1 Rc5 48. Rf2+ Kb3 49. Rf3+ Rc3 50. Rf1 b5 51. Rb1+ Kc4 52.
g4 b4 53. Re1 Rd3 54. Rc1+ Rc3 55. Re1 b3 56. Re4+ Kd3 57. Re1 Rc2+ 58. Kg3 b2
59. Rd1+ Rd2 60. Rb1 Kc2 61. Re1 b1=Q 62. Rxb1 Kxb1 63. f5 gxf5 64. gxf5 Kc2
65. Kg4 Kb2 66. h4 Kc3 67. Kg5 Kd4 68. Kh6 Rh2 69. Kxh7 Rxh4+ 70. Kg7 Rf4 71.
f6 Ke5 72. Kxf7 Rxf6+ 73. Ke7 Ra6 74. Kd7 Rh6 75. Kc7 Kd5 76. Kb7 Kc5 77. Kc7
Rh7+ 78. Kd8 Kc6 79. Ke8 Ra7 80. Kd8 Kd6 81. Kc8 Rh7 82. Kb8 Kc6 83. Kc8 Rh8#
0-1

[Event "Junior Online 4NCL Division 5"]
[Site "online"]
[Date "2020.05.21"]
[Round "6.22"]
[White "Ward, Cian"]
[Black "Zhao, Wenyi"]
[Result "0-1"]
[WhiteElo "1465"]
[BlackElo "1547"]
[PlyCount "86"]
[EventDate "2020.05.21"]
[WhiteTeam "Hammersmith 2"]
[BlackTeam "KJCA Young Kestrels E"]

1. e4 e5 2. Nf3 Nc6 3. d4 exd4 4. Nxd4 Bb4+ 5. c3 Bc5 6. Be3 d6 7. Nxc6 bxc6 8.
Bxc5 dxc5 9. Qxd8+ Kxd8 10. Nd2 Be6 11. Nf3 Rb8 12. O-O-O+ Ke7 13. Ne5 Rb6 14.
a3 f6 15. Nf3 Nh6 16. Bd3 Rhb8 17. Rd2 Nf7 18. Re1 Ne5 19. Nxe5 fxe5 20. Re3 h5
21. Rg3 Kf7 22. Rg5 g6 23. Rxe5 c4 24. Be2 Kf6 25. f4 Rb5 26. Rxb5 Rxb5 27. Rd4
Rc5 28. b4 cxb3 29. Rb4 Rxc3+ 30. Kb2 Rc2+ 31. Kb1 Rxe2 32. e5+ Kf5 33. Rb7
Rxg2 34. Rxc7 Rxh2 35. Rxc6 Ra2 36. Ra6 h4 37. Rxa7 h3 38. Rh7 Kxf4 39. Rh6
Rxa3 40. Rxg6 Kxe5 41. Rh6 Ra2 42. Rh5+ Bf5+ 43. Kc1 b2+ 0-1

[Event "Junior Online 4NCL Division 5"]
[Site "online"]
[Date "2020.05.21"]
[Round "6.23"]
[White "Heard, Tom"]
[Black "Hatem, Mika"]
[Result "1-0"]
[WhiteElo "1517"]
[BlackElo "1450"]
[PlyCount "99"]
[EventDate "2020.05.21"]
[WhiteTeam "KJCA Young Kestrels E"]
[BlackTeam "Hammersmith 2"]

1. e4 e5 2. Nf3 Nc6 3. Bc4 Bc5 4. c3 Nf6 5. d3 d6 6. a4 a6 7. h3 Be6 8. Bxe6
fxe6 9. Nbd2 O-O 10. Nf1 Qe8 11. Ng3 Qg6 12. O-O Rae8 13. d4 exd4 14. cxd4 Bb6
15. e5 dxe5 16. Nxe5 Nxe5 17. dxe5 Qxg3 18. exf6 Rxf6 19. Be3 Bxe3 20. fxe3
Qxe3+ 21. Kh1 Ref8 22. Rxf6 Rxf6 23. Qd8+ Kf7 24. Qxc7+ Kg6 25. Qxb7 Qg5 26.
Qxa6 Rf2 27. Qxe6+ Kh5 28. Qg4+ Qxg4 29. hxg4+ Kxg4 30. a5 Rxb2 31. a6 Rb8 32.
a7 Ra8 33. Kg1 Kf5 34. Kf2 Ke6 35. Ke3 Kd6 36. Kd4 Kc7 37. Ke5 Kb7 38. Ke6 Rxa7
39. Rxa7+ Kxa7 40. Kf7 Kb6 41. Kxg7 Kc5 42. Kxh7 Kd4 43. Kg6 Ke4 44. Kg5 Ke5
45. g3 Ke6 46. Kg6 Ke7 47. g4 Kf8 48. Kh7 Kf7 49. g5 Kf8 50. g6 1-0

[Event "Junior Online 4NCL Division 5"]
[Site "online"]
[Date "2020.05.21"]
[Round "6.24"]
[White "Harb, Laith A"]
[Black "Gaekwad, Ankit"]
[Result "0-1"]
[WhiteElo "1390"]
[BlackElo "1450"]
[PlyCount "92"]
[EventDate "2020.05.21"]
[WhiteTeam "Hammersmith 2"]
[BlackTeam "KJCA Young Kestrels E"]

1. d4 Nf6 2. c4 g6 3. Nc3 Bg7 4. e4 d6 5. Nf3 O-O 6. Be2 Nbd7 7. O-O e5 8. d5
a6 9. a3 Nb6 10. b4 Qe7 11. Be3 Nbd7 12. Qc2 Ne8 13. Bg5 Nef6 14. Be3 b6 15.
Rfb1 Bb7 16. c5 dxc5 17. bxc5 Nxc5 18. Bxc5 Qxc5 19. Nxe5 Qd6 20. Nf3 Rae8 21.
e5 Rxe5 22. Nxe5 Qxe5 23. Bf3 Qd6 24. Ne4 Nxe4 25. Bxe4 Bxa1 26. Rxa1 Re8 27.
h3 a5 28. Qa4 Re5 29. Bf3 Bxd5 30. Bxd5 Rxd5 31. Qe8+ Kg7 32. Qe1 Rd3 33. a4 c5
34. Rb1 Qd4 35. Rxb6 Rd1 36. Qxd1 Qxd1+ 37. Kh2 Qxa4 38. Rd6 Qf4+ 39. g3 Qxd6
40. Kg2 a4 41. Kf1 a3 42. Ke1 a2 43. Ke2 a1=Q 44. Kf3 Qd5+ 45. Ke2 Qad1+ 46.
Ke3 Q1d2# 0-1

[Event "Junior Online 4NCL Division 5"]
[Site "online"]
[Date "2020.05.21"]
[Round "6.25"]
[White "Patel, Zain"]
[Black "Sanka, Amit Aryan"]
[Result "1-0"]
[WhiteElo "1472"]
[BlackElo "1562"]
[PlyCount "113"]
[EventDate "2020.05.21"]
[WhiteTeam "Hammersmith 2"]
[BlackTeam "KJCA Young Kestrels E"]

1. e4 e6 2. d4 d5 3. Nc3 c5 4. exd5 exd5 5. dxc5 Bxc5 6. Qxd5 Bb4 7. Qe4+ Be7
8. Nf3 Nf6 9. Qa4+ Bd7 10. Bb5 Nc6 11. O-O a6 12. Bxc6 Bxc6 13. Qb3 Bxf3 14.
gxf3 Rb8 15. Re1 O-O 16. Bg5 h6 17. Bxf6 Bxf6 18. Nd5 Rc8 19. Rad1 Qd6 20. Ne7+
Qxe7 21. Rxe7 Bxe7 22. Qxb7 Bf6 23. Qxa6 Rxc2 24. b4 Rb2 25. b5 Rb8 26. a4 Bh4
27. Rf1 Bf6 28. Qa7 Be5 29. Re1 Bf4 30. Qd7 Rd2 31. Re8+ Rxe8 32. Qxe8+ Kh7 33.
Qe4+ g6 34. Qxf4 Rd7 35. a5 Ra7 36. a6 Kg7 37. b6 Rxa6 38. Qc7 Ra1+ 39. Kg2 Rb1
40. b7 h5 41. b8=Q Rxb8 42. Qxb8 h4 43. Kh3 g5 44. f4 f6 45. fxg5 fxg5 46. f4
gxf4 47. Kxh4 f3 48. Qg3+ Kf7 49. Qxf3+ Ke7 50. Qc6 Kf7 51. Qd6 Kg7 52. Qe6 Kh7
53. Qf6 Kg8 54. Qe7 Kh8 55. Kg5 Kg8 56. Kg6 Kh8 57. Qd8# 1-0

[Event "Junior Online 4NCL Division 5"]
[Site "online"]
[Date "2020.05.21"]
[Round "6.26"]
[White "Zhao, Wenyi"]
[Black "Ward, Cian"]
[Result "1/2-1/2"]
[WhiteElo "1547"]
[BlackElo "1465"]
[PlyCount "149"]
[EventDate "2020.05.21"]
[WhiteTeam "KJCA Young Kestrels E"]
[BlackTeam "Hammersmith 2"]

1. d4 d5 2. c4 c6 3. Nc3 Nf6 4. Bg5 e6 5. a3 Bd6 6. Nf3 h6 7. Bh4 Nbd7 8. e3 g5
9. Bg3 Bc7 10. Be2 a5 11. O-O Rg8 12. cxd5 cxd5 13. Ne5 Nxe5 14. dxe5 Nd7 15.
f4 Bb6 16. Bf2 gxf4 17. exf4 Bxf2+ 18. Rxf2 Qb6 19. Na4 Qa7 20. Bh5 Nb6 21. Nc3
Nc4 22. b3 Ne3 23. Qe2 Nxg2 24. Kh1 Nh4 25. Nb5 Qb6 26. Nd6+ Kf8 27. Bxf7 Rg7
28. Rff1 Rxf7 29. Nxf7 Kxf7 30. Qh5+ Ng6 31. Rg1 Qxb3 32. Qxg6+ Ke7 33. Qf6+
Kd7 34. Rg7+ Kc6 35. Rc1+ Kb6 36. Qd8+ Ka6 37. Qd6+ Qb6 38. Qe7 Qb3 39. Qd6+
Qb6 40. Qc7 Qb3 41. Rg8 Qf3+ 42. Rg2 Qxa3 43. Qd6+ Qxd6 44. exd6 Bd7 45. Rc7
Bc6 46. Rg6 Re8 47. Rxh6 d4+ 48. Kg1 d3 49. Kf1 Bb5 50. Ke1 a4 51. Rhh7 Bc6 52.
d7 Rd8 53. Kd2 Kb6 54. Rc8 Rxd7 55. Rxd7 Bxd7 56. Ra8 Bb5 57. h4 Kc7 58. h5 Be8
59. Rxe8 Kd7 60. Ra8 a3 61. Rxa3 Ke7 62. h6 Kf7 63. Rxd3 Kg6 64. Rh3 Kh7 65.
Ke3 b5 66. Kd3 b4 67. Kc4 b3 68. Kxb3 Kg6 69. h7 e5 70. fxe5 Kg5 71. h8=Q Kg4
72. Qh5+ Kf4 73. e6 Ke4 74. e7 Kf4 75. e8=R 1/2-1/2

[Event "Junior Online 4NCL Division 5"]
[Site "online"]
[Date "2020.05.21"]
[Round "6.27"]
[White "Hatem, Mika"]
[Black "Heard, Tom"]
[Result "1-0"]
[WhiteElo "1450"]
[BlackElo "1517"]
[PlyCount "53"]
[EventDate "2020.05.21"]
[WhiteTeam "Hammersmith 2"]
[BlackTeam "KJCA Young Kestrels E"]

1. e4 e6 2. d4 d5 3. exd5 exd5 4. Bd3 Bd6 5. Nf3 Nc6 6. O-O Nge7 7. c3 Bg4 8.
Bg5 f6 9. Bh4 Qd7 10. Bg3 Bxg3 11. fxg3 O-O-O 12. Nbd2 h5 13. Qe1 g5 14. Bb5 h4
15. gxh4 gxh4 16. Bxc6 Nxc6 17. Nxh4 Rde8 18. Qg3 Rhg8 19. Qf4 Bh3 20. Rf2 Ref8
21. Kf1 Be6 22. Re1 Rg4 23. Qh6 Rg7 24. Rxe6 Qxe6 25. Qxg7 Re8 26. Nhf3 Rf8 27.
Qxf8+ 1-0

[Event "Junior Online 4NCL Division 5"]
[Site "online"]
[Date "2020.05.21"]
[Round "6.28"]
[White "Gaekwad, Ankit"]
[Black "Harb, Laith A"]
[Result "1-0"]
[WhiteElo "1450"]
[BlackElo "1390"]
[PlyCount "127"]
[EventDate "2020.05.21"]
[WhiteTeam "KJCA Young Kestrels E"]
[BlackTeam "Hammersmith 2"]

1. d4 d5 2. Bf4 e6 3. e3 Nf6 4. Nf3 Be7 5. c3 Nbd7 6. Nbd2 O-O 7. Bd3 b6 8. a4
Bb7 9. O-O c5 10. Re1 c4 11. Bc2 Nh5 12. Bg3 Nxg3 13. fxg3 Bg5 14. Nxg5 Qxg5
15. Nf3 Qf6 16. a5 bxa5 17. Rxa5 Qd8 18. Ra1 Nb6 19. Nd2 Qf6 20. e4 dxe4 21.
Nxe4 Qe7 22. Nc5 Bd5 23. Qb1 Rab8 24. Bxh7+ Kh8 25. Be4 Bxe4 26. Qxe4 Nd5 27.
Qxd5 exd5 28. Rxe7 Rxb2 29. Rexa7 Rc2 30. R7a3 Re8 31. Ra8 Rxa8 32. Rxa8+ Kh7
33. Ra3 Rc1+ 34. Kf2 Rc2+ 35. Kf3 f6 36. g4 g6 37. h4 f5 38. gxf5 gxf5 39. Ne6
Kh6 40. g3 Rc1 41. Ke2 Kh5 42. Ng7+ Kg6 43. Ne6 Kh5 44. Nf4+ Kh6 45. Nxd5 Rc2+
46. Kf3 Rc1 47. Ne3 Rg1 48. Nxf5+ Kg6 49. Ne3 Kh5 50. d5 Kg6 51. d6 Kf6 52. h5
Rh1 53. g4 Rh3+ 54. Kf4 Ke6 55. Nxc4 Rh4 56. Ra6 Kd7 57. Ne5+ Kd8 58. d7 Kc7
59. Rd6 Kd8 60. Nf7+ Ke7 61. d8=Q+ Kxf7 62. Qxh4 Kg7 63. Qe7+ Kg8 64. Rd8# 1-0

[Event "Junior Online 4NCL Division 5"]
[Site "online"]
[Date "2020.05.21"]
[Round "6.31"]
[White "Parkhouse, Max"]
[Black "Tang, Lewis"]
[Result "0-1"]
[WhiteElo "1607"]
[BlackElo "1465"]
[PlyCount "70"]
[EventDate "2020.05.21"]
[WhiteTeam "Hull and Friends 2"]
[BlackTeam "Liverpool 2"]

1. d4 Nf6 2. Bf4 d5 3. e3 e6 4. Nf3 Bd6 5. Bg3 c5 6. c3 Nc6 7. Nbd2 O-O 8. Bd3
cxd4 9. exd4 Re8 10. Ne5 Qc7 11. Ndf3 Nd7 12. Bxh7+ Kxh7 13. Ng5+ Kg8 14. Qh5
Ndxe5 15. dxe5 Bxe5 16. Bh4 Bf6 17. Qh7+ Kf8 18. Qh8+ Ke7 19. Qh5 Rf8 20. Nh7
Rh8 21. Bxf6+ gxf6 22. Qh6 Qe5+ 23. Kf1 Qf5 24. Qe3 Rxh7 25. Qc5+ Ke8 26. Rd1
Qc2 27. Re1 Bd7 28. Qxd5 Rd8 29. Qf3 Ne5 30. Qxf6 Qd3+ 31. Kg1 Ng6 32. g3 Bc6
33. Rxe6+ fxe6 34. Qxe6+ Ne7 35. h4 Qd1+ 0-1

[Event "Junior Online 4NCL Division 5"]
[Site "online"]
[Date "2020.05.21"]
[Round "6.32"]
[White "Lang, Fred"]
[Black "Kasprzyk, Milosz"]
[Result "1-0"]
[WhiteElo "1307"]
[BlackElo "1405"]
[PlyCount "139"]
[EventDate "2020.05.21"]
[WhiteTeam "Liverpool 2"]
[BlackTeam "Hull and Friends 2"]

1. e4 c5 2. Nf3 g6 3. d4 cxd4 4. Nxd4 Nc6 5. Be3 Bg7 6. Nc3 Nf6 7. Bc4 O-O 8.
O-O d6 9. f4 Ng4 10. Nxc6 bxc6 11. Bd4 e5 12. fxe5 c5 13. Bf2 Bxe5 14. h3 Nxf2
15. Rxf2 Bd4 16. Qf3 Be6 17. Be2 f5 18. e5 dxe5 19. Nb5 Bd5 20. Qd3 e4 21. Qa3
Bxf2+ 22. Kxf2 Qe7 23. Rd1 Bf7 24. Nd6 Qc7 25. b3 Be6 26. Nb5 Qb6 27. Rd6 Qb7
28. Rxe6 Rad8 29. Qxc5 Rd2 30. Rd6 Rxd6 31. Nxd6 Qd7 32. Bb5 Qe7 33. Bc4+ Kh8
34. Qd4+ Qg7 35. Qxg7+ Kxg7 36. Ke3 Kf6 37. Kf4 Rd8 38. Nb5 Rd2 39. Nxa7 Rxc2
40. Nc6 Rxa2 41. g3 Rb2 42. h4 Rb1 43. Ke3 Rg1 44. Kf4 Rg2 45. Nd4 Rd2 46. Nb5
Ke7 47. Nc3 Kd6 48. Ke3 Rg2 49. Kf4 Kc5 50. Nd5 Kd4 51. Nf6 e3 52. Nxh7 Rf2+
53. Kg5 e2 54. Bxe2 Rxe2 55. Kxg6 Ke5 56. h5 Re3 57. b4 Rxg3+ 58. Ng5 f4 59. h6
Rg1 60. h7 Rh1 61. Nf7+ Kd5 62. b5 f3 63. b6 f2 64. b7 f1=Q 65. b8=Q Qg2+ 66.
Ng5 Rxh7 67. Kxh7 Qxg5 68. Qb5+ Ke4 69. Qxg5 Kd4 70. Kg6 1-0

[Event "Junior Online 4NCL Division 5"]
[Site "online"]
[Date "2020.05.21"]
[Round "6.33"]
[White "Wood, Gabriel"]
[Black "Zheng, Kevin"]
[Result "0-1"]
[WhiteElo "1345"]
[BlackElo "1300"]
[PlyCount "90"]
[EventDate "2020.05.21"]
[WhiteTeam "Hull and Friends 2"]
[BlackTeam "Liverpool 2"]

1. e4 e6 2. d4 d5 3. exd5 exd5 4. Nf3 Nc6 5. c4 Nf6 6. Nc3 Bb4 7. Bd2 Qe7+ 8.
Qe2 Qxe2+ 9. Bxe2 dxc4 10. Bxc4 O-O 11. O-O Bg4 12. d5 Bxf3 13. dxc6 Bxc6 14.
a3 Bc5 15. Rfe1 Rfe8 16. Nb5 Rxe1+ 17. Rxe1 Bb6 18. Re7 Re8 19. Bxf7+ Kf8 20.
Bxe8 Kxe7 21. Bxc6 bxc6 22. Bb4+ Ke6 23. Nxa7 Bxa7 24. Ba5 Bb6 25. b4 Nd7 26.
a4 Ne5 27. Bxb6 cxb6 28. a5 c5 29. bxc5 bxc5 30. a6 Nc6 31. Kf1 Kd5 32. Ke2 Kd4
33. Kd2 c4 34. f3 c3+ 35. Kc2 Nb4+ 36. Kb3 Nxa6 37. Kc2 Nb4+ 38. Kc1 Kd3 39. g4
c2 40. f4 Na2+ 41. Kb2 c1=Q+ 42. Kxa2 Qc2+ 43. Ka3 Qb1 44. Ka4 Kc4 45. f5 Qb4#
0-1

[Event "Junior Online 4NCL Division 5"]
[Site "online"]
[Date "2020.05.21"]
[Round "6.34"]
[White "Freddy, Aaron"]
[Black "Device, Trinity"]
[Result "1-0"]
[WhiteElo "1180"]
[BlackElo "932"]
[PlyCount "121"]
[EventDate "2020.05.21"]
[WhiteTeam "Liverpool 2"]
[BlackTeam "Hull and Friends 2"]

1. e4 e5 2. Nf3 Nf6 3. Nxe5 d6 4. Nf3 Nc6 5. Nc3 Kd7 6. Bc4 Qe8 7. d3 h5 8. Bg5
Ng4 9. h3 Nge5 10. Nxe5+ dxe5 11. Qf3 Nd4 12. Qd1 a5 13. a3 Ra6 14. Bxa6 bxa6
15. Ne2 Ne6 16. Be3 Bd6 17. O-O Bb7 18. c3 c5 19. Qa4+ Bc6 20. Qxa5 Qa8 21. b4
Bc7 22. Qxc5 Nxc5 23. Bxc5 Rh6 24. Ng3 Ke6 25. Be3 Rf6 26. Nxh5 Rg6 27. Ng3 Rh6
28. Bxh6 gxh6 29. Rad1 Ba4 30. Rc1 f6 31. d4 exd4 32. cxd4 Kd6 33. Nf5+ Ke6 34.
d5+ Ke5 35. Ng3 Kf4 36. Rxc7 Qb8 37. Rcc1 Qd6 38. Rfe1 Qe7 39. Nh5+ Kg5 40. Ng3
Kh4 41. Nf5+ Kg5 42. Nxe7 f5 43. Nxf5 Kf4 44. f3 Ke5 45. Nxh6 Kd4 46. d6 Ke5
47. Nf7+ Ke6 48. Nd8+ Kxd6 49. Nb7+ Kd7 50. Nc5+ Kd8 51. Nxa4 Kd7 52. Rcd1+ Kc6
53. Re3 Kb5 54. Nc3+ Kb6 55. e5 Kc6 56. e6 Kc7 57. e7 Kc8 58. e8=Q+ Kc7 59.
Re7+ Kb6 60. Qb8+ Kc6 61. Rd6# 1-0

[Event "Junior Online 4NCL Division 5"]
[Site "online"]
[Date "2020.05.21"]
[Round "6.35"]
[White "Tang, Lewis"]
[Black "Parkhouse, Max"]
[Result "0-1"]
[WhiteElo "1465"]
[BlackElo "1607"]
[PlyCount "56"]
[EventDate "2020.05.21"]
[WhiteTeam "Liverpool 2"]
[BlackTeam "Hull and Friends 2"]

1. d4 d5 2. Nf3 Bf5 3. Bf4 c5 4. c3 Nc6 5. e3 Qb6 6. Qb3 c4 7. Qxb6 axb6 8. Nh4
Bc2 9. Na3 Ba4 10. Be2 e6 11. Bd1 Bxd1 12. Kxd1 Bxa3 13. bxa3 Rxa3 14. Kd2 Nf6
15. Rhb1 Ne4+ 16. Ke2 Nxc3+ 17. Kf3 Nxb1 18. Rxb1 h6 19. Be5 Nxe5+ 20. dxe5 g5
21. Rxb6 gxh4 22. Rxb7 O-O 23. Rb2 Rc8 24. Ke2 c3 25. Rc2 Rb8 26. Kd3 Rb2 27.
Rxc3 Rxc3+ 28. Kxc3 Rxa2 0-1

[Event "Junior Online 4NCL Division 5"]
[Site "online"]
[Date "2020.05.21"]
[Round "6.36"]
[White "Kasprzyk, Milosz"]
[Black "Lang, Fred"]
[Result "1-0"]
[WhiteElo "1405"]
[BlackElo "1307"]
[PlyCount "87"]
[EventDate "2020.05.21"]
[WhiteTeam "Hull and Friends 2"]
[BlackTeam "Liverpool 2"]

1. e4 e5 2. d4 exd4 3. c3 dxc3 4. Bc4 cxb2 5. Bxb2 Bb4+ 6. Kf1 Nf6 7. e5 d5 8.
Bb5+ Nfd7 9. e6 fxe6 10. Bxg7 Rg8 11. Qh5+ Ke7 12. Qxh7 c6 13. Bc3+ Kd6 14.
Bxb4+ c5 15. Bd2 Rh8 16. Bf4+ Ne5 17. Bxe5+ Kxe5 18. Qg7+ Kd6 19. Nf3 Rg8 20.
Qe5+ Ke7 21. Nc3 d4 22. Qxc5+ Qd6 23. Qxd6+ Kxd6 24. Ne4+ Ke7 25. Rc1 e5 26.
Nxe5 Bf5 27. Ng3 Ke6 28. Re1 Kf6 29. Nxf5 Kxf5 30. Bd3+ Kf6 31. h4 Re8 32. Rh3
Rxe5 33. Rf3+ Ke6 34. Bc4+ Kd6 35. Rf6+ Kc5 36. Rxe5+ Kxc4 37. Re8 d3 38. Ke1
Nd7 39. Rf4+ Kc3 40. Rxa8 d2+ 41. Kd1 Ne5 42. Rc8+ Kd3 43. Rd8+ Kc3 44. Rxd2
1-0

[Event "Junior Online 4NCL Division 5"]
[Site "online"]
[Date "2020.05.21"]
[Round "6.37"]
[White "Zheng, Kevin"]
[Black "Wood, Gabriel"]
[Result "1-0"]
[WhiteElo "1300"]
[BlackElo "1345"]
[PlyCount "129"]
[EventDate "2020.05.21"]
[WhiteTeam "Liverpool 2"]
[BlackTeam "Hull and Friends 2"]

1. e4 e5 2. Nf3 Nf6 3. Nxe5 d6 4. Nf3 Nxe4 5. Bb5+ c6 6. Ba4 Bf5 7. d3 Nf6 8.
Qe2+ Qe7 9. Qxe7+ Bxe7 10. O-O O-O 11. Re1 Re8 12. Bf4 Nbd7 13. Nc3 a5 14. a3
b5 15. Bb3 Nc5 16. Ba2 Ne6 17. Bg3 Nh5 18. Bh4 Bxh4 19. Nxh4 Nd4 20. Bb3 a4 21.
Nxf5 Nxb3 22. cxb3 Re6 23. Rxe6 fxe6 24. Nxd6 Nf6 25. Re1 Rd8 26. Nde4 Rxd3 27.
Nxf6+ gxf6 28. bxa4 bxa4 29. h3 e5 30. Rd1 Rd4 31. Rxd4 exd4 32. Nxa4 Kf7 33.
Kf1 Ke6 34. Ke2 Kd5 35. Kd3 c5 36. Nb6+ Kc6 37. Nc4 Kd5 38. Nd2 f5 39. a4 Kc6
40. Kc4 Kb6 41. Nb3 Kc6 42. a5 d3 43. Kxd3 Kb5 44. g4 c4+ 45. Kc3 cxb3 46. Kxb3
fxg4 47. hxg4 Kxa5 48. Kc4 Kb6 49. Kd5 Kc7 50. b4 Kd7 51. b5 Kc7 52. f4 Kb6 53.
f5 Kxb5 54. f6 Kb6 55. f7 h5 56. gxh5 Kc7 57. f8=Q Kb7 58. h6 Kb6 59. h7 Kb7
60. h8=N Kb6 61. Qf6+ Kb7 62. Qc6+ Kb8 63. Qd7 Ka8 64. Kc6 Kb8 65. Qb7# 1-0

[Event "Junior Online 4NCL Division 5"]
[Site "online"]
[Date "2020.05.21"]
[Round "6.38"]
[White "Device, Trinity"]
[Black "Freddy, Aaron"]
[Result "0-1"]
[WhiteElo "932"]
[BlackElo "1180"]
[PlyCount "34"]
[EventDate "2020.05.21"]
[WhiteTeam "Hull and Friends 2"]
[BlackTeam "Liverpool 2"]

1. e4 e5 2. Nc3 Nf6 3. Bc4 Nc6 4. Nd5 Bc5 5. Nf3 d6 6. Ng5 Bxf2+ 7. Kxf2 Ng4+
8. Kf3 Nd4+ 9. Kg3 Qxg5 10. Qxg4 Qxg4+ 11. Kf2 Qxe4 12. Nxc7+ Kf8 13. Nxa8 Qf4+
14. Ke1 Nxc2+ 15. Kd1 Nxa1 16. Nc7 Bg4+ 17. Ke1 Nc2# 0-1

[Event "Junior Online 4NCL Division 5"]
[Site "online"]
[Date "2020.05.21"]
[Round "6.41"]
[White "Evans, Ruben"]
[Black "McIntyre, Jack"]
[Result "1-0"]
[WhiteElo "1727"]
[BlackElo "1376"]
[PlyCount "107"]
[EventDate "2020.05.21"]
[WhiteTeam "Blackburn's Rovers"]
[BlackTeam "Gonzaga College SJ C"]

1. d4 Nf6 2. c4 g6 3. Nc3 Bg7 4. e4 d6 5. Be2 O-O 6. Nf3 e5 7. dxe5 dxe5 8.
Qxd8 Rxd8 9. Bg5 Re8 10. Nd5 Nxd5 11. cxd5 c6 12. Bc4 Bg4 13. Nd2 Bf8 14. h3
Bd7 15. O-O cxd5 16. Bxd5 Bc6 17. Bxc6 Nxc6 18. Nb3 Kg7 19. Rfd1 f6 20. Be3
Red8 21. Bc5 b6 22. Bxf8+ Kxf8 23. Kf1 Nd4 24. Nxd4 exd4 25. Ke2 Ke7 26. Rac1
Rd7 27. Kd3 Ke6 28. Rc6+ Ke5 29. g3 g5 30. h4 h6 31. Rf1 g4 32. f4+ gxf3 33.
Rxf3 Rd6 34. Rxd6 Kxd6 35. Rxf6+ Ke5 36. Rxh6 Rg8 37. Rh5+ Ke6 38. Rg5 Rf8 39.
Kxd4 Rd8+ 40. Rd5 Rg8 41. Rg5 Rd8+ 42. Ke3 Kf6 43. Rf5+ Ke6 44. g4 Rg8 45. Kf4
a5 46. Rb5 Rf8+ 47. Ke3 Rg8 48. Rxb6+ Kd7 49. Kf3 Rf8+ 50. Kg3 Re8 51. g5 Rxe4
52. g6 Re7 53. Rb8 Rg7 54. Rb7+ 1-0